Integración y democracia, descentralización y reforma constitucional

Guardado en:
Bibliografiske detaljer
Hovedforfatter: Toranzo Roca, Carlos
Format: Texto
Udgivet: La Paz: EDOBOL
Tags: Tilføj Tag
Ingen Tags, Vær først til at tagge denne postø!

MARC

LEADER 00000 a a2200000 04500
001 24709
003
040
090 |a 177700  
100 |a Toranzo Roca, Carlos  
245 |a Integración y democracia, descentralización y reforma constitucional  
260 |a La Paz:   |b EDOBOL  
300 |a 357 p.  
999 |c 10286  |d 10286